Embolia pulmonar como hallazgo inicialde enfermedad de Graves (Registro nro. 835219)
[ vista simple ]
| 001 - NÚMERO DE CONTROL | |
|---|---|
| campo de control | 1568613 |
| 005 - FECHA Y HORA DE LA ÚLTIMA TRANSACCIÓN | |
| campo de control | 20240726090026.0 |
| 008 - DATOS DE LONGITUD FIJA--INFORMACIÓN GENERAL | |
| campo de control de longitud fija | 220310s2021 spa |
| 035 ## - NÚMERO DE CONTROL DEL SISTEMA | |
| Número de control de sistema | 1568613 |
| 040 ## - FUENTE DE LA CATALOGACIÓN | |
| Centro/agencia transcriptor | comduadb |
| 041 ## - CÓDIGO DE LENGUA | |
| Código de lengua del texto/banda sonora o título independiente | spa |
| 100 10 - ENTRADA PRINCIPAL--NOMBRE DE PERSONA | |
| Nombre de persona | Arenas, Sebastián |
| Código de función | aut |
| Término indicativo de función/relación | Autor/a |
| 9 (RLIN) | 814428 |
| 245 10 - MENCIÓN DE TÍTULO | |
| Título | Embolia pulmonar como hallazgo inicialde enfermedad de Graves |
| 520 3# - SUMARIO, ETC. | |
| Sumario, etc. | RESUMEN: Introducción: la enfermedad de Graves se conoce como una de las patologías tiroideas de origen autoinmunitario más frecuentes a nivel mundial. Se caracteriza por un aumento en la producción de hormonas tiroideas y de factores de coagulación, lo que produce un síndrome clínico con componente autoinmune y metabólico, propio de la respuesta fisiológica al estímulo de la tiroxina, constituyendo un factor de riesgo para eventos trombóticos. Se ha descrito la relación entre la función tiroidea y la hemostasis a nivel corporal demostrando que las altas concentraciones de hormona tiroidea se relacionan con un mayor riesgo de trombosis venosa. Presentación del caso: se trata de una mujer con clínica y diagnóstico de neumonía adquirida en la comunidad, con antibiótico de terapia empírica, con evolución clínica estacionaria, de progresivo requerimiento de oxígeno suplementa-rio, taquicardia persistente y dolor torácico de características pleuríticas. Se sospecha embolia pulmonar, confirmando diagnóstico con angiotomografía de tórax que corrobora el compromiso trombótico. Se hicieron tamizajes de trombofilias, encontrando incidentalmente una función tiroidea alterada, diagnosticando hipertiroidismo, por lo que se indicó la realización de una gammagrafía de tiroides en la cual se observó captación de radioisotopo siendo concordante con etiología autoinmune. Se documenta y realiza el diagnóstico de embolia pulmonar como hallazgo inicial de enfermedad de Graves. Discusión y conclusión: la enfermedad tiroidea, particularmente la enfermedad de Graves, es subestimada como etiología dentro del abordaje de pacientes con trombofilia. La valoración de la función tiroidea dentro del abordaje de los pacientes con eventos tromboembólicos debe considerarse para favorecer un abordaje integral y una orientación terapéutica dirigida. |
| 650 ## - PUNTO DE ACCESO ADICIONAL DE MATERIA--TÉRMINO DE MATERIA | |
| Término de materia o nombre geográfico como elemento de entrada | Embolia pulmonar |
| 9 (RLIN) | 61579 |
| 650 ## - PUNTO DE ACCESO ADICIONAL DE MATERIA--TÉRMINO DE MATERIA | |
| Término de materia o nombre geográfico como elemento de entrada | Enfermedad de Graves |
| 9 (RLIN) | 61255 |
| 650 ## - PUNTO DE ACCESO ADICIONAL DE MATERIA--TÉRMINO DE MATERIA | |
| Término de materia o nombre geográfico como elemento de entrada | Hipertiroidismo |
| 9 (RLIN) | 23067 |
| 650 ## - PUNTO DE ACCESO ADICIONAL DE MATERIA--TÉRMINO DE MATERIA | |
| Término de materia o nombre geográfico como elemento de entrada | Trombosis |
| 9 (RLIN) | 44169 |
| 650 #0 - PUNTO DE ACCESO ADICIONAL DE MATERIA--TÉRMINO DE MATERIA | |
| Término de materia o nombre geográfico como elemento de entrada | Enfermedades de la tiroides |
| 9 (RLIN) | 23065 |
| 700 10 - ENTRADA AGREGADA--NOMBRE PERSONAL | |
| Nombre de persona | Amaya Veronesi, Luz |
| Código de función | aut |
| Término indicativo de función/relación | Autor/a |
| 9 (RLIN) | 817197 |
| 700 10 - ENTRADA AGREGADA--NOMBRE PERSONAL | |
| Nombre de persona | Nieto Zambrano, Paula Daniela |
| Código de función | aut |
| Término indicativo de función/relación | Autor/a |
| 9 (RLIN) | 814429 |
| 700 10 - ENTRADA AGREGADA--NOMBRE PERSONAL | |
| Nombre de persona | Mendieta Roa, Dayann Estefany |
| Código de función | aut |
| Término indicativo de función/relación | Autor/a |
| 9 (RLIN) | 820620 |
| 700 10 - ENTRADA AGREGADA--NOMBRE PERSONAL | |
| Nombre de persona | Suárez Pinto, Laura Alejandra |
| Código de función | aut |
| Término indicativo de función/relación | Autor/a |
| 9 (RLIN) | 808753 |
| 700 10 - ENTRADA AGREGADA--NOMBRE PERSONAL | |
| Nombre de persona | Rojas, William |
| Código de función | aut |
| Término indicativo de función/relación | Autor/a |
| 9 (RLIN) | 275588 |
| 773 0# - ENLACE AL DOCUMENTO FUENTE/ENTRADA DE REGISTRO ANFITRIÓN | |
| Título | Revista Colombiana de Endocrinología, Diabetes y Metabolismo (Bogotá) |
| Parte(s) relacionada(s) | Volumen 08, Número 02, Octubre de 2021, 190-197 |
| Número de control del registro | 1441519 |
| Número Internacional Normalizado para Publicaciones Seriadas | 2389-9786 |
| Número bibliográfico anfitrión | 733748 |
| 942 ## - ELEMENTOS DE ENTRADA AGREGADA (KOHA) | |
| Tipo de ítem Koha | Artículo de Revista |
No hay ítems disponibles.